| 000 | 00581nam a2200205Ia 4500 | ||
|---|---|---|---|
| 008 | 160803s9999 xx 000 0 und d | ||
| 020 | _a0 590416227 | ||
| 100 | _aMosel, Arlene | ||
| 245 | _aTikki Tikki Tembo / | ||
| 245 | _cretold by Arlene Mosel ; illustrated by Blair Lent. | ||
| 260 | _aNew York : | ||
| 260 | _bScholastic Inc. | ||
| 260 | _c1968 | ||
| 300 | _a[47] pages : | ||
| 300 | _bcolor illustrations ; | ||
| 300 | _c23 cm | ||
| 500 | _aOriginally published: New York : Holt, Rinehart and Winston, c1968. | ||
| 650 | _aFamily stories. | ||
| 700 | _a1090 | ||
| 999 |
_c299371 _d299371 |
||